000 01771cam a22004814i 4500
003 PE-LiUPU
005 20250731184520.0
008 150617s r 000 0 d
035 _a(Sirsi) a18652
040 _aPE-LiUPU
_bspa
_cPE-LiUPU
_erda
049 _aPRUA
082 0 4 _a970
_bP45
_221
100 1 _aPericot, Luis,
_d1899-1978,
_eautor.
245 1 0 _aAmérica indígena.
_n1 /
_cLuis Pericot y García.
264 1 _aBarcelona :
_bSalvat Editores,
_c1936.
300 _a732 páginas ;
_c24 cm
336 _atext
_2rdacontent
337 _aunmediated
_2rdamedia
338 _avolume
_2rdacarrier
490 0 _aHistoria de América y de los pueblos Americanos ;
_v1
505 0 _aEl problema de la raza americana -- El problema del hombre cuaternario den América -- El problema del origen del hombre americano -- Los pueblos de Norteamérica -- Los pueblos de América central y de las Antillas -- Los pueblos de Sudamérica -- Los pueblos meridionales.
526 _aP136
526 _aP135
526 _aP134
526 _aP133
526 _aP144
526 _aP143
526 _aP87
526 _aP35
526 _aP20
526 _aP14
526 _aP10
526 _aP06
650 1 4 _aAmérica
_xHistoria.
650 2 4 _aIndìgenas de América
_xHistoria.
910 _ajck
_bjvq
_cjck
_d20150616
942 _2ddc
_cBOOK
949 _a970 P45 1
_wDEWEY
_c1
_i21354
_lCCODEBUL1
_mBUL
_p00.00
_r0
_sY
_tBOOK
_u19930101
_xEDUCACION
_zUNKNOWN
_0COMPRA
_o.STAFF. Colección General
994 _aC0
_bPEPRU
596 _a1
999 _a970 P45 1
_wDEWEY
_c18367
_i21354
_d18367
_f2021-11-8
_g5
_lCCODEBUL1
_mBUL
_q3
_r0
_sY
_tBOOK
_u2015-6-17
_xBIBLIOTECA
_zUNKNOWN
_0COMPRA
_o.STAFF. Colección General
980 _81
_gALBERTO SANCHEZ Responsable de Automatización